000
00315pab a2200145 454500
008
180718b2003 xxu||||| |||| 00| 0 eng d
100
_a
Oram, Jaul
245
_a
Unlifting the scheduled tribes
260
_c
2003
300
_a
p.40-41.
362
_a
Aug
650
_a
Tribes
773
_a
Yojana
909
_a
57657
999
_c
57657
_d
57657